| 000 | 01170nam0a22003011 4500 | ||
|---|---|---|---|
| 001 | rc\4131514 | ||
| 005 | 20260407123532.0 | ||
| 021 |
_aRU _b[50-15960] |
||
| 035 | _a(NLR Aleph) 008157956 | ||
| 090 |
_a7792744 _c7792744 |
||
| 100 | _a20130415d1950 |||y0rusy50 ca | ||
| 101 | 0 | _arus | |
| 102 | _aRU | ||
| 105 | _ay c ||||| | ||
| 200 | 1 |
_aМинно-торпедное оружие _eРек. указатель литературы _fЦентр. воен.-мор. б-ка |
|
| 210 |
_aЛенинград _cТип. ЦВММ _d1950 |
||
| 215 |
_a11 с. _d14 |
||
| 225 | 1 | _a[Что читать матросу о военно-морском деле] | |
| 300 | _aНа обороте тит. л. сост.: Г.А. Каширин | ||
| 606 |
_aТорпеды _jБиблиография _2psbo |
||
| 606 |
_aМины морские _jБиблиография _2psbo |
||
| 700 | 1 |
_aКаширин _bГ.А. _4220 |
|
| 712 | 0 | 2 |
_aЦентральная военно-морская библиотека _cЛенинград _3RU\NLR\AUTH\889962853 _9422007 |
| 801 | 0 |
_aRU _bNLR _gpsbo |
|
| 801 | 1 |
_aRU _bELAR _2rusmarc |
|
| 852 |
_aNLR _jС351-660/К31 |
||
| 942 | _cBOOK | ||
| 980 | _aNB | ||